G.I Joe Operation Poison Dart (Record no. 387)

MARC details
000 -LEADER
fixed length control field 00388nam a22001457a 4500
003 - CONTROL NUMBER IDENTIFIER
control field OSt
005 - DATE AND TIME OF LATEST TRANSACTION
control field 20160727222354.0
008 - FIXED-LENGTH DATA ELEMENTS--GENERAL INFORMATION
fixed length control field 160622b xxu||||| |||| 00| 0 eng d
040 ## - CATALOGING SOURCE
Transcribing agency G.I Joe Operation Poison Dart
100 ## - MAIN ENTRY--PERSONAL NAME
9 (RLIN) 465
Personal name Stine, M., et al
245 ## - TITLE STATEMENT
Title G.I Joe Operation Poison Dart
260 ## - PUBLICATION, DISTRIBUTION, ETC. (IMPRINT)
Place of publication, distribution, etc. N.V Random House
Date of publication, distribution, etc. 1987
300 ## - PHYSICAL DESCRIPTION
Extent G.I Joe Operation Poison Dart
942 ## - ADDED ENTRY ELEMENTS (KOHA)
Source of classification or shelving scheme Dewey Decimal Classification
Koha item type BOOK
Holdings
Withdrawn status Lost status Source of classification or shelving scheme Damaged status Not for loan Home library Current library Shelving location Date acquired Total Checkouts Full call number Barcode Date last seen Price effective from Koha item type
    Dewey Decimal Classification     Good Samaritan School Library Good Samaritan School Library FICTION 06/22/2016   823 STI173 06/22/2016 06/22/2016 BOOK

Powered by Koha